书目信息 |
| 题名: |
社会主义经济问题
|
|
| 作者: | 庞季云 主编 | |
| 分册: | ||
| 出版信息: | 上海 上海人民出版社 1961 |
|
| 页数: | 153页 | |
| 开本: | 20cm | |
| 丛书名: | ||
| 单 册: | ||
| 中图分类: | F04 | |
| 科图分类: | ||
| 主题词: | 社会主义经济--研究 | |
| 电子资源: | ||
| ISBN: | 4074.331 | |
| 000 | 00644cam0 2200229 450 | |
| 001 | 0105479752 | |
| 005 | 20071108132831.0 | |
| 010 | @a4074.331@dCNY0.42 | |
| 091 | @a4074.331@dCNY0.42 | |
| 100 | @a19951229d1961 em y0chiy0110 ea | |
| 101 | 0 | @achi |
| 102 | @aCN@b310000 | |
| 105 | @ay z 000yy | |
| 106 | @ar | |
| 200 | 1 | @a社会主义经济问题@9She Hui;Kuai Zhu Yi Jing Ji Wen Ti @e试用本@f庞季云等主编@b专著 |
| 210 | @a上海@c上海人民出版社@d1961 | |
| 215 | @a153页@d20cm | |
| 606 | 0 | @a社会主义经济@x研究 |
| 690 | @aF04@v3 | |
| 701 | 0 | @a庞季云@9pang ji yun@4主编 |
| 801 | 0 | @aCN@b上海图书馆@c19970403 |
| 905 | @aBZT@dF04@e15@f2@sF04/15 | |
| 社会主义经济问题:试用本/庞季云等主编.-上海:上海人民出版社,1961 |
| 153页;20cm |
| ISBN 4074.331:CNY0.42 |
| ● |
| 相关链接 |
|
|
|
正题名:社会主义经济问题
索取号:F04/15
 
预约/预借
| 序号 | 登录号 | 条形码 | 馆藏地/架位号 | 状态 | 备注 |
| 1 | 2000118213 | 2000118213 | 旧书回溯/ [索取号:F04/15] | 在馆 | |
| 2 | 2000119526 | 2000119526 | 旧书回溯/ [索取号:F04/15] | 在馆 |